Les peintres espagnols

Gardado en:
Detalles Bibliográficos
Autor Principal: Guinard, Paul (Author)
Formato: Libro
Idioma:francés
Publicado: París Le Livre le Poche 1967
Subjects:
Tags: Engadir etiqueta
Sen Etiquetas, Sexa o primeiro en etiquetar este rexistro!

MARC

LEADER 00000nam a2200000 a 4500
001 UCZ4107
003 CL-VaPUC
008 951106e19670000FR |||||||||||||||||fre|d
082 0 4 |a 759.6  |b GUI  |2 21 
100 |a Guinard, Paul  |e author  |9 445183 
245 1 4 |a Les peintres espagnols 
300 |a 402 p 
942 |c BK 
945 |d 19951106 00:00:00  |a rleighto 
260 |a París  |b Le Livre le Poche  |c 1967 
600 0 7 |a VELAZQUEZ, DIEGO DE  |2 CL-VaPUC  |9 269210 
600 0 |a Goya y Lucientes, Francisco José de   |9 315215 
600 0 |a Zurbarán, Francisco de,  |d 1598-1664  |9 348034 
600 0 7 |a MURILLO, BARTOLOME ESTEBAN  |2 CL-VaPUC  |9 342993 
600 0 7 |a GRECO, DOMENICO  |2 CL-VaPUC  |9 348035 
650 0 |a Bellas artes  |9 334299 
650 0 |a Arte  |9 265238 
650 0 |a Artistas   |9 262026 
650 7 |a GALERIAS DE ARTE  |2 CL-VaPUC  |9 348036 
650 0 |a Pinturas  |9 347968 
650 7 |a EXPOSICIONES CULTURALES  |2 CL-VaPUC  |9 348037 
650 0 |a Colecciones artísticas   |9 348038 
650 0 |a Cultura  |9 269059 
650 7 |a CUADROS  |2 CL-VaPUC  |9 348039 
583 |a last modification  |c 19951106 00:00:00  |k Rodrigo Vera 
999 |c 240531  |d 240529 
952 |0 0  |1 0  |4 0  |6 759_600000000000000_GUI_1967  |7 0  |8 A  |9 252456  |a BIBART  |b BIBART  |d 2019-11-18  |i 3142930  |o 759.6 GUI 1967  |p 3142930  |r 2025-03-13  |w 2019-11-18  |y BK  |k ART